VisualEyes (Record no. 409326)
[ view plain ]
| 000 -LEADER | |
|---|---|
| fixed length control field | 00597crm a2200193 i 4500 |
| 005 - DATE AND TIME OF LATEST TRANSACTION | |
| control field | 20250623115543.0 |
| 008 - FIXED-LENGTH DATA ELEMENTS--GENERAL INFORMATION | |
| fixed length control field | 250623b |||||||| |||| 00| 0 eng d |
| 040 ## - CATALOGING SOURCE | |
| Description conventions | rda |
| 092 ## - LOCALLY ASSIGNED DEWEY CALL NUMBER (OCLC) | |
| Item number | Games |
| 245 ## - TITLE STATEMENT | |
| Title | VisualEyes |
| 264 ## - Production, Publication, Distribution, Manufacture, and Copyright Notice. | |
| Place of production, publication, distribution, manufacture | Buffalo, NY : |
| Name of producer, publisher, distributor, manufacturer | Buffalo Games, |
| Date of production, publication, distribution, manufacture, or copyr | 2000 |
| 300 ## - PHYSICAL DESCRIPTION | |
| Extent | Includes 19 extra-large colorful dice,hourglass timer, 8 pencils, 4 writing pads, 1 score pad, instructions |
| Other physical details | Missing: hourglass timer, 2 pencils 6/23/2025 |
| 520 ## - SUMMARY, ETC. | |
| Summary, etc | Age 8+ 2-8+ players |
| 521 ## - TARGET AUDIENCE NOTE | |
| Target audience note | Family |
| 942 ## - ADDED ENTRY ELEMENTS (KOHA) | |
| Source of classification or shelving scheme | Dewey Decimal Classification |
| Koha item type | Games |
| Withdrawn status | Lost status | Source of classification or shelving scheme | Damaged status | Not for loan | Collection code | Home library | Current library | Shelving location | Date acquired | Total Checkouts | Total Renewals | Full call number | Barcode | Date last seen | Date checked out | Price effective from | Koha item type |
|---|---|---|---|---|---|---|---|---|---|---|---|---|---|---|---|---|---|
| Dewey Decimal Classification | Games | Wasatch County Library | Wasatch County Library | Main Floor Magazine Area | 06/23/2025 | 3 | 2 | Games Family VisualEyes | 34301001305608 | 03/11/2026 | 03/10/2026 | 06/23/2025 | Games |
